000
002930000a22000970004500
100
1
_a
Leithart, Peter J.
245
1
0
_a
Attendant of Yahweh's house : Preisthood in the Old Testament
300
_a
Núm 85 (1999), Páginas 3-24
773
0
_t
Journal for the Study of the Old Testament
942
_c
ANA
999
_c
54752
_d
54752